|
|
|
|
| LEADER |
00000nab a2200000 a 4500 |
| 001 |
vtls009280607 |
| 003 |
SK-MaSNL |
| 005 |
20260303052054.0 |
| 008 |
140422c2008 xo |||||| | ||00 b|slo |
| 015 |
|
|
|a SNBRB2008/03
|2 snkbucl
|
| 038 |
|
|
|a SNKBUCL
|
| 040 |
|
|
|a SNKBUCL
|b slo
|c SNKBUCL
|e AACR2
|
| 041 |
0 |
|
|a slo
|
| 044 |
|
|
|a xo
|c SK
|
| 080 |
|
|
|a 316.344.3
|x (437.6)
|2 1997
|
| 080 |
|
|
|a 316.344.32
|x (437.6)
|2 1997
|
| 080 |
|
|
|a 32
|x (437.6)
|2 1997
|
| 080 |
|
|
|a 316.72/.75
|x (437.6)
|2 1997
|
| 080 |
|
|
|a 316.625
|x (437.6)
|2 1997
|
| 100 |
1 |
|
|a Rezník, Jaroslav,
|d 1942-
|4 aut
|9 100140
|
| 245 |
1 |
0 |
|a Človek na magistrále vývinu
|b (nad knihou Vincenta šabíka Intelektuál ako homo politicus)
|c Jaroslav Rezník
|
| 300 |
|
|
|b Fotogr.
|
| 600 |
1 |
7 |
|a Šabík, Vincent,
|d 1937-
|t Intelektuál ako homo politicus
|2 snkbucl
|9 1042654
|
| 650 |
0 |
7 |
|a inteligencia
|2 SNKPH
|9 15977
|
| 650 |
0 |
7 |
|a intelektuáli
|2 SNKPH
|9 4873
|
| 650 |
0 |
7 |
|a politika
|2 SNKPH
|9 968
|
| 650 |
0 |
7 |
|a kultúrny život
|2 SNKPH
|9 3182
|
| 650 |
0 |
7 |
|a spoločenská angažovanosť
|2 snkbucl
|9 67363
|
| 655 |
|
7 |
|a úvahy
|2 snkbucl
|9 29403
|
| 773 |
0 |
|
|t Literárny (dvoj)týždenník
|g Roč. XXI, č. 5-6 (2008), s. 11
|x 0862-5999
|
| 852 |
|
|
|a SNK
|b KIS3GCP
|
| 999 |
|
|
|c 1713839
|d 1715769
|